ARRUPE JESUIT UNIVERSITY

CORONAVIRUS -STOP THE SPREAD - CLEAN,DISINFECT,COVER

The development of modern Nigeria. (Record no. 133)

MARC details
000 -LEADER
fixed length control field 00715nam a2200253 4500
001 - CONTROL NUMBER
control field 1701068
005 - DATE AND TIME OF LATEST TRANSACTION
control field 20170612142915.0
008 - FIXED-LENGTH DATA ELEMENTS--GENERAL INFORMATION
fixed length control field 731001s1967 enkb b 000 0 eng
010 ## - LIBRARY OF CONGRESS CONTROL NUMBER
LC control number 67088269
015 ## - NATIONAL BIBLIOGRAPHY NUMBER
National bibliography number B67-6778
040 ## - CATALOGING SOURCE
Original cataloging agency DLC
Transcribing agency DLC
Modifying agency DLC
043 ## - GEOGRAPHIC AREA CODE
Geographic area code f-nr---
050 00 - LIBRARY OF CONGRESS CALL NUMBER
Classification number DT515
Item number .A77
082 00 - DEWEY DECIMAL CLASSIFICATION NUMBER
Classification number 320.9/669
100 1# - MAIN ENTRY--PERSONAL NAME
Personal name Arikpo, Okoi,
Dates associated with a name 1916-
9 (RLIN) 32550
245 14 - TITLE STATEMENT
Title The development of modern Nigeria.
260 ## - PUBLICATION, DISTRIBUTION, ETC. (IMPRINT)
Place of publication, distribution, etc Harmondsworth,
Name of publisher, distributor, etc Penguin,
Date of publication, distribution, etc 1967.
300 ## - PHYSICAL DESCRIPTION
Extent 176 p.
Other physical details map.
Dimensions 18 cm.
490 0# - SERIES STATEMENT
Series statement Penguin African library
504 ## - BIBLIOGRAPHY, ETC. NOTE
Bibliography, etc Bibliography: p. 170-[172]
651 #0 - SUBJECT ADDED ENTRY--GEOGRAPHIC NAME
Geographic name Nigeria.
9 (RLIN) 19577
906 ## - LOCAL DATA ELEMENT F, LDF (RLIN)
a 7
b cbc
c orignew
d u
e opcn
f 19
g y-gencatlg
942 ## - ADDED ENTRY ELEMENTS (KOHA)
Source of classification or shelving scheme Library of Congress Classification
Item type Monograph ( Printed materials)
Holdings
Withdrawn status Lost status Source of classification or shelving scheme Damaged status Not for loan Collection code Home library Current library Shelving location Date acquired Total Checkouts Full call number Barcode Date last seen Date last borrowed Copy number Price effective from Koha item type
    Library of Congress Classification     Main Collection ARRUPE LIBRARY ARRUPE LIBRARY   27/02/2013 5 DT515.A77 46400413 06/05/2019 21/01/2019 1 27/02/2013 Monograph ( Printed materials)

 

Arrupe Library. PO Box MP320 Mt Pleasant, Harare, Zimbabwe
263 242 745411|librarian@aju.ac.zw